[Event "WCO 2016"]
[Site "?"]
[Date "2016.09.13"]
[Round "11"]
[Board "25"]
[WhiteID "1018000"]
[White "Blijstra Wim"]
[BlackID "10300163"]
[Black "Al-Hajiri Bader"]
[Result "0-1"]
[BlackElo "2116"]
[WhiteElo "2216"]
[LiveChessVersion "1.4.8"]

1. d4 {[%clk 1:30:48]} d5 {[%clk 1:30:48]} 2. Bf4 {[%clk 1:30:31]} c5
{[%clk 1:30:22]} 3. e3 {[%clk 1:29:43]} Nc6 {[%clk 1:30:31]} 4. Bb5
{[%clk 1:28:07]} Qb6 {[%clk 1:26:24]} 5. Nc3 {[%clk 1:26:09]} Nf6
{[%clk 1:26:25]} 6. a4 {[%clk 1:21:45]} Qa5 {[%clk 1:23:12]} 7. Nf3
{[%clk 1:17:56]} Ne4 {[%clk 1:17:14]} 8. O-O {[%clk 1:18:06]} Nxc3
{[%clk 1:17:41]} 9. Qd2 {[%clk 1:15:44]} Nxb5 {[%clk 1:17:45]} 10. Qxa5
{[%clk 1:14:21]} Nxa5 {[%clk 1:17:36]} 11. axb5 {[%clk 1:14:48]} Nc4
{[%clk 1:14:16]} 12. b3 {[%clk 1:14:02]} Nd6 {[%clk 1:14:36]} 13. b6
{[%clk 1:14:24]} a6 {[%clk 1:13:45]} 14. dxc5 {[%clk 1:14:47]} Ne4
{[%clk 1:14:07]} 15. Nd4 {[%clk 1:12:53]} Nxc5 {[%clk 1:11:08]} 16. Nb5
{[%clk 1:10:26]} Ne6 {[%clk 1:11:27]} 17. Bg3 {[%clk 1:10:43]} g6
{[%clk 1:11:26]} 18. Rfd1 {[%clk 1:08:05]} Bd7 {[%clk 1:10:59]} 19. c4
{[%clk 1:07:19]} Bg7 {[%clk 1:09:13]} 20. Ra2 {[%clk 1:01:57]} dxc4
{[%clk 1:06:41]} 21. bxc4 {[%clk 1:02:22]} Bxb5 {[%clk 1:06:16]} 22. cxb5
{[%clk 1:02:48]} a5 {[%clk 1:06:29]} 23. h4 {[%clk 1:01:56]} a4 {[%clk 1:05:23]}
24. Rd3 {[%clk 1:00:30]} Ra5 {[%clk 1:02:46]} 0-1

[Event "WCO 2016"]
[Site "?"]
[Date "2016.09.13"]
[Round "11"]
[Board "27"]
[WhiteID "7500041"]
[White "Izijk Jimmy"]
[BlackID "10300015"]
[Black "Alothman Abdul Wahab"]
[Result "0-1"]
[BlackElo "2056"]
[WhiteElo "1991"]
[LiveChessVersion "1.4.8"]

1. d4 {[%clk 1:30:52]} d5 {[%clk 1:30:53]} 2. Nf3 {[%clk 1:31:14]} Nf6
{[%clk 1:31:15]} 3. c4 {[%clk 1:31:36]} c6 {[%clk 1:31:32]} 4. e3
{[%clk 1:31:52]} e6 {[%clk 1:29:56]} 5. Nc3 {[%clk 1:32:15]} Nbd7
{[%clk 1:30:17]} 6. Bd3 {[%clk 1:32:27]} dxc4 {[%clk 1:30:13]} 7. Bxc4
{[%clk 1:32:47]} b5 {[%clk 1:30:26]} 8. Bd3 {[%clk 1:33:10]} Bb7 {[%clk 1:30:38]}
9. O-O {[%clk 1:33:23]} a6 {[%clk 1:30:37]} 10. b3 {[%clk 1:22:27]} c5
{[%clk 1:28:58]} 11. Re1 {[%clk 1:15:06]} Bd6 {[%clk 1:25:33]} 12. e4
{[%clk 1:12:01]} cxd4 {[%clk 1:24:02]} 13. Nxd4 {[%clk 1:11:56]} Bb4
{[%clk 1:21:07]} 14. Nxe6 {[%clk 0:58:21]} fxe6 {[%clk 1:20:45]} 15. e5
{[%clk 0:52:50]} Bxc3 {[%clk 1:20:08]} 16. exf6 {[%clk 0:48:56]} Nxf6
{[%clk 1:17:25]} 17. Rxe6+ {[%clk 0:40:51]} Kf7 {[%clk 1:16:12]} 18. Qe2
{[%clk 0:39:39]} Bxa1 19. Bg5 {[%clk 0:36:13]} g6 {[%clk 1:08:11]} 20. f4
{[%clk 0:23:38]} Bd5 {[%clk 1:00:27]} 21. f5 {[%clk 0:19:05]} Bxe6
{[%clk 1:00:09]} 22. Qxe6+ {[%clk 0:18:42]} Kg7 {[%clk 1:00:26]} 23. fxg6
{[%clk 0:06:23]} hxg6 {[%clk 1:00:11]} 0-1

[Event "WCO 2016"]
[Site "?"]
[Date "2016.09.13"]
[Round "11"]
[Board "28"]
[WhiteID "10300058"]
[White "Al Khateeb Taher"]
[BlackID "7500254"]
[Black "Martis Valentino"]
[Result "1-0"]
[BlackElo "1917"]
[WhiteElo "2002"]
[LiveChessVersion "1.4.8"]

1. d4 {[%clk 1:30:57]} d5 {[%clk 1:30:40]} 2. Bg5 {[%clk 1:31:24]} Nf6
{[%clk 1:29:43]} 3. Bxf6 {[%clk 1:31:45]} exf6 {[%clk 1:29:59]} 4. e3
{[%clk 1:31:59]} Bd6 {[%clk 1:24:26]} 5. g3 {[%clk 1:32:18]} Be6 {[%clk 1:23:09]}
6. Bg2 {[%clk 1:32:45]} c6 {[%clk 1:22:54]} 7. c3 {[%clk 1:32:10]} Qb6
{[%clk 1:21:19]} 8. Qd2 {[%clk 1:31:16]} Nd7 {[%clk 1:21:24]} 9. Ne2
{[%clk 1:31:39]} O-O {[%clk 1:19:27]} 10. O-O {[%clk 1:26:01]} f5
{[%clk 1:18:29]} 11. Qc2 {[%clk 1:26:24]} Nf6 {[%clk 1:13:24]} 12. b3
{[%clk 1:22:10]} Qa6 {[%clk 1:02:13]} 13. Rc1 {[%clk 1:20:58]} b5
{[%clk 1:00:34]} 14. a4 {[%clk 1:10:55]} Rfb8 {[%clk 0:53:03]} 15. Bf1
{[%clk 1:09:39]} Qb7 {[%clk 0:47:25]} 16. axb5 {[%clk 1:07:46]} cxb5
{[%clk 0:44:50]} 17. b4 {[%clk 1:05:38]} Bc7 {[%clk 0:39:01]} 18. Nd2
{[%clk 1:04:06]} Ne4 {[%clk 0:37:41]} 19. Nb3 {[%clk 1:03:32]} Bb6
{[%clk 0:29:32]} 20. Nc5 {[%clk 0:59:20]} Bxc5 {[%clk 0:29:48]} 21. dxc5
{[%clk 0:59:35]} d4 {[%clk 0:18:26]} 22. Nxd4 {[%clk 0:59:23]} Bd5
{[%clk 0:18:40]} 23. Bxb5 {[%clk 0:51:05]} Ng5 {[%clk 0:15:21]} 24. Bf1
{[%clk 0:48:51]} Be4 {[%clk 0:13:15]} 25. Qa2 {[%clk 0:43:21]} Rd8
{[%clk 0:13:02]} 26. f4 {[%clk 0:40:58]} Rxd4 {[%clk 0:11:36]} 27. fxg5
{[%clk 0:39:40]} Bd5 {[%clk 0:11:33]} 1-0

[Event "WCO 2016"]
[Site "?"]
[Date "2016.09.13"]
[Round "11"]
[Board "25"]
[WhiteID "6001394"]
[White "Wong Brian"]
[BlackID "20500220"]
[Black "Mphungu Gerrard"]
[Result "0-1"]
[BlackElo "2034"]
[WhiteElo "2007"]
[LiveChessVersion "1.4.8"]

1. d4 {[%clk 1:30:48]} d5 {[%clk 1:30:53]} 2. Bf4 {[%clk 1:31:11]} Bf5
{[%clk 1:30:38]} 3. c4 {[%clk 1:30:57]} e6 {[%clk 1:30:17]} 4. Nc3
{[%clk 1:30:37]} Bd6 {[%clk 1:28:58]} 5. Bxd6 {[%clk 1:30:31]} Qxd6
{[%clk 1:29:14]} 6. Qb3 {[%clk 1:26:52]} Nc6 {[%clk 1:23:08]} 7. cxd5
{[%clk 1:25:52]} exd5 {[%clk 1:21:48]} 8. Nb5 {[%clk 1:21:01]} Qe7
{[%clk 1:10:21]} 9. e3 {[%clk 1:21:24]} Nf6 {[%clk 1:10:00]} 10. Nf3
{[%clk 1:18:05]} O-O {[%clk 0:50:45]} 11. Be2 {[%clk 1:17:10]} Bg4
{[%clk 0:41:43]} 12. O-O {[%clk 1:16:39]} Nd8 {[%clk 0:39:07]} 13. h3
{[%clk 1:14:05]} Bxf3 {[%clk 0:38:35]} 14. Bxf3 {[%clk 1:14:12]} c6
{[%clk 0:37:56]} 15. Nc3 {[%clk 1:13:34]} Ne6 {[%clk 0:38:16]} 16. Rac1
{[%clk 1:10:38]} Ng5 {[%clk 0:38:10]} 17. Bd1 {[%clk 1:07:25]} Nge4
{[%clk 0:37:54]} 18. Nxe4 {[%clk 1:07:15]} Nxe4 {[%clk 0:37:56]} 19. Bc2
{[%clk 1:06:57]} f5 {[%clk 0:38:20]} 20. Bxe4 {[%clk 0:59:20]} fxe4
{[%clk 0:38:41]} 21. Qc2 {[%clk 0:57:13]} Rf6 {[%clk 0:38:27]} 22. a3
{[%clk 0:54:12]} Raf8 {[%clk 0:38:22]} 23. Qe2 {[%clk 0:51:58]} Rf3
{[%clk 0:34:48]} 24. gxf3 {[%clk 0:35:50]} exf3 {[%clk 0:34:55]} 0-1

[Event "WCO 2016"]
[Site "?"]
[Date "2016.09.13"]
[Round "11"]
[Board "26"]
[WhiteID "20500033"]
[White "Mfune Petros"]
[BlackID "6001238"]
[Black "Lam Daniel King-wai"]
[Result "1/2-1/2"]
[BlackElo "2169"]
[WhiteElo "1993"]
[LiveChessVersion "1.4.8"]

1. e4 {[%clk 1:30:30]} c5 {[%clk 1:30:58]} 2. Nf3 {[%clk 1:30:49]} d6
{[%clk 1:31:27]} 3. d4 {[%clk 1:31:06]} cxd4 {[%clk 1:31:56]} 4. Nxd4
{[%clk 1:31:23]} Nf6 {[%clk 1:32:23]} 5. Nc3 {[%clk 1:31:41]} a6 {[%clk 1:32:52]}
6. Be2 {[%clk 1:30:57]} e5 {[%clk 1:33:19]} 7. Nf3 {[%clk 1:30:55]} Be7
{[%clk 1:33:39]} 8. O-O {[%clk 1:30:58]} O-O {[%clk 1:33:18]} 9. Bg5
{[%clk 1:31:16]} Nbd7 {[%clk 1:28:59]} 10. Re1 {[%clk 1:30:49]} b5
{[%clk 1:28:45]} 11. a3 {[%clk 1:30:23]} Bb7 {[%clk 1:28:51]} 12. Nd2
{[%clk 1:28:57]} d5 {[%clk 1:20:59]} 13. exd5 {[%clk 1:27:27]} Nxd5
{[%clk 1:21:04]} 14. Bxe7 {[%clk 1:27:23]} Qxe7 {[%clk 1:19:16]} 15. Nxd5
{[%clk 1:27:28]} Bxd5 {[%clk 1:19:40]} 16. c4 {[%clk 1:27:07]} Bc6
{[%clk 1:12:23]} 17. cxb5 {[%clk 1:26:07]} Bxb5 {[%clk 1:10:51]} 18. Bxb5
{[%clk 1:22:50]} axb5 {[%clk 1:11:18]} 19. Rc1 {[%clk 1:23:07]} Rfc8
{[%clk 1:02:21]} 20. Ne4 {[%clk 1:20:47]} Rxc1 {[%clk 0:43:38]} 21. Qxc1
{[%clk 1:21:05]} Nf6 {[%clk 0:43:37]} 22. Qc6 {[%clk 1:17:35]} Rb8
{[%clk 0:40:55]} 23. Nxf6+ {[%clk 1:15:50]} gxf6 {[%clk 0:40:20]} 24. b4
{[%clk 1:14:57]} Qe6 {[%clk 0:38:35]} 25. Qxe6 {[%clk 1:11:39]} fxe6
{[%clk 0:39:03]} 26. f4 {[%clk 1:11:58]} Ra8 {[%clk 0:30:40]} 27. fxe5
{[%clk 1:11:34]} Rxa3 {[%clk 0:30:44]} 28. exf6 {[%clk 1:11:49]} Rb3
{[%clk 0:31:01]} 29. Rxe6 {[%clk 1:10:44]} Rxb4 {[%clk 0:30:45]} 30. Re7
{[%clk 1:10:33]} Rf4 {[%clk 0:28:50]} 31. Rg7+ {[%clk 1:10:00]} Kh8
{[%clk 0:27:46]} 32. Rb7 {[%clk 1:10:21]} Rxf6 {[%clk 0:27:59]} 33. Rxb5
{[%clk 1:10:39]} Kg7 {[%clk 0:27:54]} 34. h4 {[%clk 1:09:42]} Rg6
{[%clk 0:23:45]} 35. Kh2 {[%clk 1:09:50]} Rg4 {[%clk 0:23:39]} 36. Kh3
{[%clk 1:10:05]} Ra4 {[%clk 0:23:49]} 37. Rb7+ {[%clk 1:09:56]} Kg6
{[%clk 0:23:02]} 38. h5+ {[%clk 1:08:39]} Kxh5 {[%clk 0:22:57]} 39. Rxh7+
{[%clk 1:08:55]} Kg6 {[%clk 0:23:17]} 40. Rh4 {[%clk 1:38:31]} Ra3+
{[%clk 0:53:37]} 41. g3 {[%clk 1:38:48]} Ra1 {[%clk 0:53:16]} 42. Rb4
{[%clk 1:37:59]} Ra3 {[%clk 0:49:18]} 43. Kg4 {[%clk 1:38:16]} Ra6
{[%clk 0:49:32]} 1/2-1/2

[Event "WCO 2016"]
[Site "?"]
[Date "2016.09.13"]
[Round "11"]
[Board "27"]
[WhiteID "6001890"]
[White "Pang Yui Kuen "]
[BlackID "16400119"]
[Black "Chipanga Chiletso"]
[Result "1/2-1/2"]
[BlackElo "2082"]
[WhiteElo "1963"]
[LiveChessVersion "1.4.8"]

1. e4 {[%clk 1:30:56]} c5 {[%clk 1:30:55]} 2. Nc3 {[%clk 1:30:21]} Nc6
{[%clk 1:31:13]} 3. g3 {[%clk 1:28:44]} g6 {[%clk 1:30:32]} 4. Bg2
{[%clk 1:29:09]} Bg7 {[%clk 1:30:59]} 5. Nge2 {[%clk 1:29:22]} d6
{[%clk 1:30:08]} 6. O-O {[%clk 1:29:30]} e5 {[%clk 1:28:16]} 7. d3
{[%clk 1:29:41]} Nge7 {[%clk 1:28:38]} 8. Be3 {[%clk 1:29:06]} O-O
{[%clk 1:27:34]} 9. Qd2 {[%clk 1:29:04]} Nd4 {[%clk 1:27:22]} 10. Nd5
{[%clk 1:24:54]} Nxd5 {[%clk 1:27:26]} 11. exd5 {[%clk 1:25:21]} Bh3
{[%clk 1:25:52]} 12. Bxd4 {[%clk 1:22:22]} Bxg2 {[%clk 1:26:17]} 13. Kxg2
{[%clk 1:22:45]} cxd4 {[%clk 1:26:33]} 14. c4 {[%clk 1:22:55]} f5
{[%clk 1:26:35]} 15. f3 {[%clk 1:20:46]} Rc8 {[%clk 1:26:32]} 16. Rac1
{[%clk 1:20:48]} h5 {[%clk 1:26:47]} 17. b4 {[%clk 1:16:51]} b6 {[%clk 1:26:45]}
18. Rc2 {[%clk 1:17:01]} g5 {[%clk 1:25:10]} 19. h3 {[%clk 1:13:18]} Kh7
{[%clk 1:23:17]} 20. a4 {[%clk 1:12:51]} Qe7 {[%clk 1:22:33]} 21. Re1
{[%clk 1:08:47]} Qf6 {[%clk 1:16:30]} 22. Ng1 {[%clk 1:04:45]} Bh6
{[%clk 1:15:27]} 23. Qf2 {[%clk 1:02:41]} Rg8 {[%clk 1:10:18]} 24. g4
{[%clk 0:59:46]} Qg6 {[%clk 1:09:40]} 25. Qe2 {[%clk 0:58:46]} Rgf8
{[%clk 1:08:03]} 26. Rcc1 {[%clk 0:56:18]} Bg7 {[%clk 1:05:43]} 27. Rf1
{[%clk 0:53:47]} fxg4 {[%clk 1:04:34]} 28. hxg4 {[%clk 0:53:45]} Rf7
{[%clk 1:00:30]} 29. Nh3 {[%clk 0:53:46]} Rcf8 {[%clk 0:59:15]} 30. Qe4
{[%clk 0:53:38]} Kh6 {[%clk 0:58:59]} 31. Rce1 {[%clk 0:40:47]} hxg4
{[%clk 0:55:44]} 32. fxg4 {[%clk 0:40:21]} 1/2-1/2

[Event "WCO 2016"]
[Site "?"]
[Date "2016.09.13"]
[Round "11"]
[Board "28"]
[WhiteID "14305569"]
[White "Khuphwathea Paul C."]
[BlackID "6000398"]
[Black "Borigas Edgardo"]
[Result "1/2-1/2"]
[BlackElo "1894"]
[WhiteElo "1879"]
[LiveChessVersion "1.4.8"]

1. d4 d5 {[%clk 1:30:57]} 2. Nf3 {[%clk 1:31:18]} Nf6 {[%clk 1:31:25]} 3. Bg5
{[%clk 1:31:39]} Nbd7 {[%clk 1:31:49]} 4. Nbd2 {[%clk 1:32:04]} e6
{[%clk 1:32:15]} 5. e3 {[%clk 1:32:28]} c6 {[%clk 1:32:39]} 6. Bd3 Be7
{[%clk 1:33:23]} 7. O-O {[%clk 1:33:16]} O-O {[%clk 1:33:29]} 8. h3
{[%clk 1:33:34]} b6 {[%clk 1:33:45]} 9. Ne5 Nxe5 10. dxe5 {[%clk 1:33:57]} Nd7
{[%clk 1:34:11]} 11. Bf4 {[%clk 1:33:59]} f5 {[%clk 1:34:33]} 12. Qh5
{[%clk 1:34:11]} Qe8 {[%clk 1:34:44]} 13. Qxe8 {[%clk 1:34:34]} Rxe8
{[%clk 1:35:13]} 14. c3 {[%clk 1:34:39]} a5 {[%clk 1:35:41]} 15. Nf3
{[%clk 1:34:36]} Ba6 {[%clk 1:36:06]} 16. Bxa6 {[%clk 1:34:57]} Rxa6
{[%clk 1:36:29]} 17. Nd4 {[%clk 1:35:25]} Bc5 {[%clk 1:36:05]} 18. Nxc6
{[%clk 1:29:22]} Rc8 {[%clk 1:36:24]} 19. Nd4 {[%clk 1:29:42]} Kf7
{[%clk 1:36:48]} 20. Nb5 {[%clk 1:29:52]} Rc6 {[%clk 1:36:53]} 21. a3
{[%clk 1:30:04]} a4 {[%clk 1:37:12]} 22. Rae1 {[%clk 1:30:06]} Ra5
{[%clk 1:37:33]} 23. Nd4 {[%clk 1:30:33]} Rc8 {[%clk 1:37:53]} 24. Bg3
{[%clk 1:30:50]} Be7 {[%clk 1:37:05]} 25. f4 {[%clk 1:31:04]} Nc5
{[%clk 1:37:11]} 26. Re2 {[%clk 1:31:09]} Ne4 {[%clk 1:37:15]} 27. Be1
{[%clk 1:31:29]} h6 {[%clk 1:37:02]} 28. g4 {[%clk 1:31:49]} g6 {[%clk 1:37:19]}
29. Kh2 {[%clk 1:32:01]} Rac5 {[%clk 1:37:20]} 30. Nc2 {[%clk 1:31:42]} Rc4
{[%clk 1:37:23]} 31. Nd4 {[%clk 1:31:56]} R4c5 {[%clk 1:37:39]} 32. Nc2
{[%clk 1:32:22]} Rc4 {[%clk 1:38:05]} 33. Nd4 {[%clk 1:32:47]} R4c5
{[%clk 1:38:32]} 34. Nc2 {[%clk 1:33:11]} Rc4 {[%clk 1:39:01]} 1/2-1/2

[Event "WCO 2016"]
[Site "?"]
[Date "2016.09.13"]
[Round "11"]
[Board "29"]
[WhiteID "19600160"]
[White "Yahi Mohamed Salem"]
[BlackID "15200051"]
[Black "Eichab Charles"]
[Result "0-1"]
[BlackElo "2070"]
[WhiteElo "1852"]
[LiveChessVersion "1.4.8"]

1. e4 {[%clk 1:30:47]} c5 {[%clk 1:29:21]} 2. Nc3 {[%clk 1:30:24]} Nc6
{[%clk 1:29:17]} 3. Nf3 {[%clk 1:30:17]} g6 {[%clk 1:28:04]} 4. g3
{[%clk 1:30:37]} Bg7 {[%clk 1:28:16]} 5. Bg2 {[%clk 1:30:47]} Nf6
{[%clk 1:24:24]} 6. O-O {[%clk 1:31:05]} O-O {[%clk 1:23:07]} 7. d3
{[%clk 1:31:22]} d6 {[%clk 1:22:38]} 8. h3 {[%clk 1:29:50]} Bd7 {[%clk 1:18:57]}
9. Be3 {[%clk 1:29:34]} b5 {[%clk 1:18:38]} 10. Qd2 {[%clk 1:28:42]} b4
{[%clk 1:17:42]} 11. Ne2 {[%clk 1:25:51]} Rb8 {[%clk 1:11:42]} 12. g4
{[%clk 1:24:37]} Qc8 {[%clk 1:07:23]} 13. Bh6 {[%clk 1:23:27]} Re8
{[%clk 1:00:02]} 14. Bxg7 {[%clk 1:22:56]} Kxg7 {[%clk 1:00:24]} 15. Nh4
{[%clk 1:22:29]} h5 {[%clk 0:57:35]} 16. g5 {[%clk 1:17:54]} Ng8 {[%clk 0:57:59]}
17. Kh2 {[%clk 1:18:08]} e5 {[%clk 0:49:33]} 18. f4 {[%clk 1:17:49]} exf4
{[%clk 0:45:37]} 19. Qxf4 {[%clk 1:17:54]} Ne5 {[%clk 0:45:58]} 20. Ng3
{[%clk 1:15:37]} Qd8 {[%clk 0:44:40]} 21. Nf3 {[%clk 1:13:19]} Re7
{[%clk 0:42:30]} 22. Nxe5 {[%clk 1:12:24]} dxe5 {[%clk 0:42:06]} 23. Qh4
{[%clk 1:11:53]} Re6 {[%clk 0:35:14]} 24. Nf5+ {[%clk 1:07:36]} Kh8
{[%clk 0:30:07]} 25. Ne3 {[%clk 1:02:41]} Be8 {[%clk 0:24:57]} 26. Nd5
{[%clk 1:02:08]} Kg7 {[%clk 0:22:27]} 27. Rf2 {[%clk 1:01:37]} Rc8
{[%clk 0:18:23]} 28. b3 {[%clk 1:01:08]} Rcc6 {[%clk 0:09:15]} 29. a4
{[%clk 0:59:18]} a5 {[%clk 0:08:20]} 30. Raf1 {[%clk 0:59:23]} Ra6
{[%clk 0:07:30]} 31. Qg3 {[%clk 0:59:27]} Ra7 {[%clk 0:03:27]} 32. h4
{[%clk 0:59:40]} Qb8 {[%clk 0:02:14]} 33. Bh3 {[%clk 0:59:08]} Rc6
{[%clk 0:01:25]} 34. Rf6 {[%clk 0:55:46]} Nxf6 {[%clk 0:00:46]} 35. gxf6+
{[%clk 0:55:56]} Kh7 {[%clk 0:00:51]} 36. Qg5 {[%clk 0:55:54]} Qd6
{[%clk 0:00:51]} 37. Bf5 {[%clk 0:54:54]} Qf8 {[%clk 0:00:40]} 38. Qxh5+
{[%clk 0:53:15]} Qh6 {[%clk 0:00:39]} 39. Qxh6+ {[%clk 0:53:29]} Kxh6
{[%clk 0:01:00]} 40. Bg4 {[%clk 1:23:23]} Raa6 {[%clk 0:30:53]} 41. Kg3
{[%clk 1:22:55]} Ra7 {[%clk 0:19:09]} 42. h5 {[%clk 1:22:51]} gxh5
{[%clk 0:17:51]} 43. Rh1 {[%clk 1:22:32]} Kg6 {[%clk 0:16:52]} 44. Bxh5+
{[%clk 1:21:05]} Kg5 {[%clk 0:17:02]} 45. Bg4 {[%clk 1:20:21]} Rxf6
{[%clk 0:15:37]} 46. Nxf6 {[%clk 1:19:45]} Kxf6 {[%clk 0:15:38]} 47. Rf1+
{[%clk 1:19:09]} Ke7 {[%clk 0:15:47]} 48. Rf5 {[%clk 1:19:26]} f6
{[%clk 0:15:36]} 49. Rf1 {[%clk 1:18:38]} Bg6 {[%clk 0:11:56]} 50. Rh1
{[%clk 1:18:05]} Ra8 {[%clk 0:12:03]} 51. Bf5 {[%clk 1:16:56]} Kf7
{[%clk 0:12:28]} 52. Kf3 {[%clk 1:09:38]} Rd8 {[%clk 0:10:26]} 53. Rh4
{[%clk 1:08:34]} Rb8 {[%clk 0:09:47]} 54. Ke3 {[%clk 1:08:35]} Rd8
{[%clk 0:09:08]} 55. Bxg6+ {[%clk 1:06:51]} Kxg6 {[%clk 0:08:52]} 56. Rg4+
{[%clk 1:07:12]} Kf7 {[%clk 0:09:06]} 57. Kd2 {[%clk 1:07:16]} Rh8
{[%clk 0:09:12]} 58. Rg2 {[%clk 1:07:36]} Rh1 {[%clk 0:08:50]} 59. Ke3
{[%clk 1:05:08]} Rh3+ {[%clk 0:08:57]} 60. Kf2 {[%clk 1:04:36]} Rh1
{[%clk 0:08:34]} 61. Ke2 {[%clk 1:02:03]} Rh3 {[%clk 0:08:36]} 62. Rg1
{[%clk 1:01:30]} Rh2+ {[%clk 0:08:53]} 63. Kd1 {[%clk 1:01:57]} Kf8
{[%clk 0:09:04]} 64. Kc1 {[%clk 1:01:49]} Kf7 {[%clk 0:09:26]} 65. Kb1
{[%clk 1:00:30]} Kf8 {[%clk 0:09:51]} 66. Rc1 {[%clk 1:00:51]} Rh3
{[%clk 0:09:48]} 67. Rd1 {[%clk 1:00:52]} Rh2 {[%clk 0:06:22]} 68. Rc1
{[%clk 0:59:01]} Rh3 {[%clk 0:06:47]} 69. Rf1 {[%clk 0:59:18]} Kf7
{[%clk 0:07:00]} 70. Rf2 {[%clk 0:59:45]} Ke6 {[%clk 0:06:15]} 71. Kb2
{[%clk 0:59:46]} Ke7 {[%clk 0:05:46]} 72. Rd2 {[%clk 0:59:33]} Ke6
{[%clk 0:05:15]} 73. c3 {[%clk 0:59:32]} Kd6 {[%clk 0:05:23]} 74. cxb4
{[%clk 0:59:27]} cxb4 {[%clk 0:05:36]} 75. d4 {[%clk 0:58:24]} exd4
{[%clk 0:03:14]} 76. Rxd4+ {[%clk 0:58:39]} Ke5 {[%clk 0:03:22]} 77. Rd5+
{[%clk 0:56:30]} Kxe4 {[%clk 0:03:44]} 78. Rxa5 {[%clk 0:56:53]} Rh2+
{[%clk 0:03:19]} 79. Kb1 {[%clk 0:56:31]} Rh1+ {[%clk 0:03:10]} 80. Kb2
{[%clk 0:56:51]} Rh2+ {[%clk 0:03:01]} 81. Kb1 {[%clk 0:57:03]} f5
{[%clk 0:01:31]} 82. Rb5 {[%clk 0:56:10]} f4 {[%clk 0:01:56]} 83. Rxb4+
{[%clk 0:56:23]} Ke3 {[%clk 0:01:43]} 84. Rb8 {[%clk 0:55:30]} f3
{[%clk 0:02:03]} 85. Re8+ {[%clk 0:53:45]} Kd4 {[%clk 0:01:59]} 86. Rd8+
{[%clk 0:52:27]} Kc3 {[%clk 0:02:05]} 87. Rd1 {[%clk 0:51:22]} Re2
{[%clk 0:01:58]} 88. Rh1 {[%clk 0:45:20]} f2 {[%clk 0:01:59]} 89. Rh3+
{[%clk 0:45:25]} Kb4 {[%clk 0:02:10]} 90. Rh4+ {[%clk 0:44:46]} 0-1

[Event "WCO 2016"]
[Site "?"]
[Date "2016.09.13"]
[Round "11"]
[Board "30"]
[WhiteID "15200019"]
[White "Mueller Leonhard"]
[BlackID "19600097"]
[Black "Sabar Ethmane Daouda"]
[Result "1/2-1/2"]
[BlackElo "2063"]
[WhiteElo "2204"]
[LiveChessVersion "1.4.8"]

1. d4 {[%clk 1:30:57]} d5 {[%clk 1:30:54]} 2. c4 {[%clk 1:31:21]} e6
{[%clk 1:31:15]} 3. Nf3 {[%clk 1:31:43]} c6 {[%clk 1:31:38]} 4. Qc2
{[%clk 1:31:56]} Nf6 {[%clk 1:31:47]} 5. g3 {[%clk 1:32:01]} Nbd7
{[%clk 1:31:06]} 6. Bg2 {[%clk 1:31:50]} Be7 {[%clk 1:27:39]} 7. O-O
{[%clk 1:32:10]} O-O {[%clk 1:28:06]} 8. Nbd2 {[%clk 1:31:06]} b6
{[%clk 1:24:17]} 9. e4 {[%clk 1:30:57]} dxe4 {[%clk 1:21:22]} 10. Nxe4
{[%clk 1:31:13]} Nxe4 {[%clk 1:10:38]} 11. Qxe4 {[%clk 1:31:38]} Ba6
{[%clk 1:10:59]} 12. b3 {[%clk 1:18:36]} Rc8 {[%clk 1:10:05]} 13. Rd1
{[%clk 1:17:48]} Bf6 {[%clk 1:06:50]} 14. Bf4 {[%clk 1:13:16]} Qe7
{[%clk 0:56:27]} 15. Ne5 {[%clk 1:08:57]} Bb7 {[%clk 0:56:46]} 16. h4
{[%clk 1:00:55]} Rfd8 {[%clk 0:52:14]} 17. Qe3 {[%clk 0:56:44]} h5
{[%clk 0:44:41]} 18. Be4 {[%clk 0:54:13]} g6 {[%clk 0:33:07]} 19. Qf3
{[%clk 0:51:44]} Nb8 {[%clk 0:30:28]} 20. Rd3 {[%clk 0:51:21]} Bxe5
{[%clk 0:27:27]} 21. Bxe5 {[%clk 0:49:14]} f5 {[%clk 0:23:40]} 22. Bxb8
{[%clk 0:43:37]} fxe4 {[%clk 0:23:26]} 23. Qxe4 {[%clk 0:44:02]} Rxb8
{[%clk 0:23:05]} 24. Qxg6+ {[%clk 0:44:25]} Qg7 {[%clk 0:21:23]} 25. Qxh5
{[%clk 0:38:04]} c5 {[%clk 0:16:18]} 26. Re1 {[%clk 0:35:19]} Rxd4
{[%clk 0:05:30]} 27. Rxd4 {[%clk 0:32:48]} Qxd4 {[%clk 0:05:12]} 28. Qg6+
{[%clk 0:32:55]} Qg7 {[%clk 0:03:08]} 29. Qxe6+ {[%clk 0:32:58]} Qf7
{[%clk 0:02:38]} 30. Qg4+ {[%clk 0:24:41]} Qg7 {[%clk 0:02:57]} 31. Qe6+
{[%clk 0:23:59]} Qf7 {[%clk 0:03:19]} 32. Qg4+ {[%clk 0:20:18]} Qg7
{[%clk 0:03:43]} 33. Qe6+ {[%clk 0:11:35]} 1/2-1/2